PARIS AND PUBLIC HEALTH IN COLONIAL BOMBAY: MID 19TH CENTURY TO 1930/ (Record no. 213160)
[ view plain ]
| 000 -LEADER | |
|---|---|
| fixed length control field | 00601nam a22001817a 4500 |
| 005 - DATE AND TIME OF LATEST TRANSACTION | |
| control field | 20260625120545.0 |
| 010 ## - LCCN (DPL NO) | |
| LC control number | ENG-146526 |
| 020 ## - INTERNATIONAL STANDARD BOOK NUMBER | |
| International Standard Book Number | 97899381324202 |
| Terms of availability | 250.00 |
| 035 ## - SYSTEM CONTROL NUMBER | |
| System control number | EN-130058 |
| 037 ## - SOURCE OF ACQUISITION | |
| Source of stock number/acquisition | DBAD |
| 082 ## - DEWEY DECIMAL CLASSIFICATION NUMBER | |
| Classification number | 362.1042 |
| 100 ## - MAIN ENTRY--PERSONAL NAME | |
| Personal name | RAMANNA, MRIDULA |
| 245 ## - TITLE STATEMENT | |
| Title | PARIS AND PUBLIC HEALTH IN COLONIAL BOMBAY: MID 19TH CENTURY TO 1930/ |
| Statement of responsibility, etc | MRIDULA RAMANNA |
| 260 ## - PUBLICATION, DISTRIBUTION, ETC. (IMPRINT) | |
| Place of publication, distribution, etc | Dr. mrs. nawaz B mody for the K R Cama oriental institute |
| Name of publisher, distributor, etc | mumbai |
| 270 ## - ADDRESS | |
| Address | 136, bombay samachar marg, mumbai |
| City | mumbai |
| Postal code | 400023 |
| 300 ## - PHYSICAL DESCRIPTION | |
| Extent | 140p. |
| Dimensions | 22cm(Pbk) |
| 942 ## - ADDED ENTRY ELEMENTS (KOHA) | |
| Source of classification or shelving scheme | Dewey Decimal Classification |
| Item type | English Books |
| Classification part | 362.1042 |
| Call number suffix | RAM |
| Withdrawn status | Lost status | Not for loan | Collection code | Home library | Current library | Date acquired | Source of acquisition | Cost, normal purchase price | Full call number | Barcode | Copy number | Cost, replacement price | Koha item type |
|---|---|---|---|---|---|---|---|---|---|---|---|---|---|
| Non-fiction | Mobile Library | Mobile Library | 26/08/2025 | DBAD | 250.00 | 362.1042 RAM | EN-130058 | 1 | 250.00 | English Books |
